[Event "St Petersburg Korchnoi Memorial op"]
[Site "St Petersburg"]
[Date "2019.08.16"]
[Round "3"]
[White "Karsakov, Maxim"]
[Black "Grunina, Margarita"]
[Result "0-1"]
[WhiteElo "1183"]
[BlackElo "1645"]
[PlyCount "90"]
[EventDate "2019.08.14"]
[EventType "swiss"]
[EventRounds "9"]
[EventCountry "RUS"]
[SourceTitle "CBM 192"]
[Source "ChessBase"]
[SourceDate "2019.10.31"]
[SourceVersion "1"]
[SourceVersionDate "2019.10.31"]
[SourceQuality "1"]

1. c4 e5 2. Nc3 Nf6 3. d3 Nc6 4. Nf3 d5 5. Qb3 dxc4 6. dxc4 Be7 7. Qd1 Qxd1+ 8. Kxd1 Ng4 9. Be3 Nxe3+ 10. fxe3 Be6 11. Nd5 0-0-0 12. e4 Bc5 13. Kc2 Nd4+ 14. Nxd4 Bxd4 15. Kb3 Rd6 16. Rb1 Kd7 17. g3 c6 18. Nb4 b5 19. Kc2 Bxc4 20. Bh3+ Be6 21. Bxe6+ Kxe6 22. Rhd1 a5 23. Nd3 Rhd8 24. Ne1 Be3 25. Nf3 h6 26. h4 g5 27. hxg5 hxg5 28. g4 Rxd1 29. Rxd1 Rxd1 30. Kxd1 c5 31. Kc2 f6 32. Kd3 Bd4 33. b3 Kd6 34. Nxd4 exd4 35. e3 dxe3 36. Kxe3 Ke5 37. a3 c4 38. bxc4 bxc4 39. a4 c3 40. Kd3 Kf4 41. Kxc3 Kxg4 42. Kc4 Kf3 43. Kb5 g4 44. Kxa5 g3 45. e5 fxe5 0-1